00340nam a2200121Ia 4500008004100000041000800041082001400049100002300063245004500086260004800131300003400179365000500213240624s9999 xx 000 0 und d aeng a658.4 EYN aEYNDE DONALD F VAN aORGANIZATION DEVELOPMENT CLASSICS THE PR c1997aSan FranciscobJossey-Bass Publishers axxviii, : 308 : p. : cm. ; 25 c